CEE, ONU, OTAN ... Organismes Internacionals / Joan Pagès
Publicado:
Barcelona :
Edit. Graó de Serveis Pedagògics : Servei d'Ensenyament i Investigació de la Diputació de Barcelona ,
1986
Descripción Física:
64 p. . il. ; 20 x 21 cm
Colección:
Biblioteca de la classe ; 16
Materias:
Organismes internacionals
MARC
| LEADER | 00000nam a2200000Ia 4500 | ||
|---|---|---|---|
| 001 | 2152 | ||
| 008 | 160829s1986 xx 000 0 cat d | ||
| 080 | |a M-3-292 | ||
| 100 | |a Pagès, Joan |9 25166 | ||
| 245 | |a CEE, ONU, OTAN ... Organismes Internacionals / Joan Pagès | ||
| 260 | |a Barcelona : |b Edit. Graó de Serveis Pedagògics : |b Servei d'Ensenyament i Investigació de la Diputació de Barcelona, |c 1986 | ||
| 300 | |a 64 p. . il. ; |c 20 x 21 cm | ||
| 490 | |a Biblioteca de la classe ; 16 | ||
| 650 | |a Organismes internacionals |9 39545 | ||
| 710 | 1 | |a Barcelona (Catalunya : Província). |b Servei d'Ensenyament i Investigació |9 54366 | |
| 901 | |a Arxiu | ||
| 942 | |n 1 | ||
| 952 | |0 0 |1 0 |4 0 |6 M3292 |7 1 |9 43479 |a Arxiu |b Arxiu |d 2016-12-01 |l 0 |o M-3-292 |p 2152 |r 2016-12-01 00:00:00 |w 2016-12-01 |y ARXIU | ||
| 999 | |c 46025 |d 46025 | ||